Wszyscy kierowcy F1 w zespole Aston Martin - Statystyki

Ogólne statystyki
  • Ten quiz został rozwiązany 25 razy
  • Średni wynik to 4 z 7
Statystyki odpowiedzi
Starty Sezony Kraj Kierowca % Poprawnych
49 2023-2025 Hiszpania Fernando Alonso
100%
91 2021-2025 Kanada Lance Stroll
100%
42 2021-2022 Niemcy Sebastian Vettel
89%
2 2022 Niemcy Nico Hulkenberg
67%
4 1959 W.Brytania Carroll Shelby
0%
1 1960 Francja Maurice Trintignant
0%
5 1959-1960 W.Brytania Roy Salvadori
0%
Nie znaleziono quizów pasujących do podanych kryteriów
Rozkład punktacji
Procent ludzi z każdym wynikiem
Percentyl według liczby udzielonych odpowiedzi
Twoja historia wyników
Nie rozwiązałeś tego quizu